| 000 | 01256cam a2200325 i 4500 | ||
|---|---|---|---|
| 003 | DO-SdBNP | ||
| 005 | 20241216094826.0 | ||
| 007 | ta | ||
| 008 | 751003s2016 gt 000 p spa d | ||
| 040 |
_aDO-SdBNP _bspa _cBNPHU _erda |
||
| 041 | _aspa | ||
| 082 | 4 |
_aG861.4 _bN841p _222 |
|
| 100 | 1 |
_aLeiva, Raúl, _d1916-1975 _916615 _4aut. _eautor |
|
| 245 | 1 | 0 |
_aPoesía de Raúl Leiva : _bantología / edición conmemorativa del primer centenario de su nacimiento _cantólogo Enrique Noriega |
| 264 | 4 |
_aGuatemala : _bEditorial Cultura, _c©2016 |
|
| 300 |
_a93 páginas ; _c21 cm. |
||
| 336 |
_atexto _btxt _2rdacontent |
||
| 337 |
_asin mediación _bn _2rdamedia |
||
| 338 |
_avolumen _bnc _2rdacarrier |
||
| 490 |
_aColección Poesía. _aSerie Rafael Landívar ; _v106 |
||
| 500 | _aIncluye datos biográficos del autor en la solapa de la cubierta | ||
| 500 | _aEdición conmemorativa del primer centenario de su nacimiento | ||
| 590 | _aInventariado, 2023/ YL | ||
| 600 | 1 | 0 |
_a Leiva, Raúl _d1916- _984490 _xCrítica e interpretación |
| 650 | 0 |
_aPoesía guatemalteca _914068 |
|
| 650 | 0 |
_aLiteratura guatemalteca _95393 _2LEMB |
|
| 700 | 1 |
_aNoriega, Enrique _975442 |
|
| 910 | _aYlockward /Validado. Control de calidad MFF | ||
| 942 |
_2ddc _cLBS1 |
||
| 999 |
_c55180 _d55180 |
||